| 000 | 00664nam a2200181 a 4500 | ||
|---|---|---|---|
| 005 | 20210223120407.0 | ||
| 008 | 991125s1986 mx 000 0 spa u | ||
| 035 | _aUPN01000000090 | ||
| 049 | _aCG | ||
| 050 | 4 |
_aHG2051 M6 _bB3.8 |
|
| 110 | 1 | _aBanco Nacional de Crédito Rural (México) | |
| 245 | 1 | 0 |
_a60 Años de apoyo crediticio al campo / _cBanco Nacional de Crédito Rural. |
| 260 |
_aMéxico : _bBanco Nacional de Crédito Rural, _c1986. |
||
| 300 |
_a131 p. : _bil. |
||
| 500 | _a"Libro conmemorativo del décimo aniversario del Banco Nacional de Crédito Rural (1985)" | ||
| 610 | 2 | 4 |
_aBANCO NACIONAL DE CREDITO RURAL (MEXICO) - _xHISTORIA _98664 |
| 905 | _aLibro | ||
| 999 |
_c90 _d90 |
||